[Event "Mittelrhein Verbandsliga Ost 1314"]
[Site "Mittelrhein"]
[Date "2013.12.15"]
[Round "5.5"]
[White "Gutt, Stefan"]
[Black "Egner, David"]
[Result "0-1"]
[WhiteElo "1824"]
[BlackElo "1910"]
[PlyCount "46"]
[EventDate "2013.09.15"]
[EventType "team-tourn"]
[EventRounds "11"]
[EventCountry "GER"]
[SourceTitle "EXT 2023"]
[Source "ChessBase"]
[SourceDate "2022.10.05"]
[SourceVersion "1"]
[SourceVersionDate "2022.10.05"]
[SourceQuality "1"]
[WhiteTeam "Bergische SF II"]
[BlackTeam "Bonn Empor Maulwurf"]
[WhiteTeamCountry "GER"]
[BlackTeamCountry "GER"]

1. d4 Nf6 2. Nf3 c5 3. d5 e6 4. c4 b5 5. dxe6 fxe6 6. Nc3 b4 7. Nb1 Bb7 8. Bf4 d5 9. e3 Bd6 10. Bxd6 Qxd6 11. Nbd2 0-0 12. Be2 d4 13. exd4 cxd4 14. Bd3 Nbd7 15. 0-0 Nc5 16. Nb3 e5 17. Nxc5 Qxc5 18. Be2 Rad8 19. Qb3 e4 20. Nd2 d3 21. Bd1 e3 22. fxe3 Qxe3+ 23. Rf2 Ng4 0-1

[Event "Mittelrhein Verbandsliga Ost 1314"]
[Site "Mittelrhein"]
[Date "2013.11.24"]
[Round "4.5"]
[White "Egner, David"]
[Black "Utler, Patrick"]
[Result "0-1"]
[WhiteElo "1910"]
[BlackElo "1971"]
[PlyCount "30"]
[EventDate "2013.09.15"]
[EventType "team-tourn"]
[EventRounds "11"]
[EventCountry "GER"]
[SourceTitle "EXT 2023"]
[Source "ChessBase"]
[SourceDate "2022.10.05"]
[SourceVersion "1"]
[SourceVersionDate "2022.10.05"]
[SourceQuality "1"]
[WhiteTeam "Bonn Empor Maulwurf"]
[BlackTeam "Bonn Stadtverwaltung"]
[WhiteTeamCountry "GER"]
[BlackTeamCountry "GER"]

1. d4 f5 2. e4 fxe4 3. Nc3 Nf6 4. Bg5 Nc6 5. f3 d5 6. Qd2 Bf5 7. 0-0-0 Qd6 8. Qe3 e6 9. Bxf6 gxf6 10. fxe4 Bxe4 11. Nxe4 dxe4 12. Qxe4 0-0-0 13. Bc4 e5 14. Qg4+ Kb8 15. dxe5 Bh6+ 0-1

[Event "Mittelrhein Verbandsliga Ost 1314"]
[Site "Mittelrhein"]
[Date "2013.09.15"]
[Round "1.5"]
[White "Meissner, Wolf Dieter"]
[Black "Egner, David"]
[Result "1-0"]
[WhiteElo "1944"]
[BlackElo "1910"]
[PlyCount "57"]
[EventDate "2013.09.15"]
[EventType "team-tourn"]
[EventRounds "11"]
[EventCountry "GER"]
[SourceTitle "EXT 2023"]
[Source "ChessBase"]
[SourceDate "2022.10.05"]
[SourceVersion "1"]
[SourceVersionDate "2022.10.05"]
[SourceQuality "1"]
[WhiteTeam "Lohmar"]
[BlackTeam "Bonn Empor Maulwurf"]
[WhiteTeamCountry "GER"]
[BlackTeamCountry "GER"]

1. e4 d6 2. d4 Nf6 3. Nc3 Nbd7 4. Be3 e5 5. f3 Be7 6. Qd2 0-0 7. g4 exd4 8. Qxd4 Ne5 9. h3 Re8 10. 0-0-0 a6 11. f4 Nc6 12. Qd2 b5 13. g5 b4 14. gxf6 bxc3 15. Qxc3 Bxf6 16. Qxc6 Bd7 17. Qd5 Be6 18. Qa5 Rb8 19. e5 Be7 20. Nf3 Qc8 21. Be2 Qb7 22. Qc3 Bd5 23. Rhf1 dxe5 24. Rxd5 Qxd5 25. Bc4 Qe4 26. Nxe5 Bb4 27. Qd3 Qxd3 28. cxd3 Re7 29. Nc6 1-0